<?xml version="1.0" encoding="UTF-8"?>
<record
    xmlns:xsi="http://www.w3.org/2001/XMLSchema-instance"
    xsi:schemaLocation="http://www.loc.gov/MARC21/slim http://www.loc.gov/standards/marcxml/schema/MARC21slim.xsd"
    xmlns="http://www.loc.gov/MARC21/slim">

  <leader>00728nam a2200229Ia 4500</leader>
  <controlfield tag="005">20230309114830.0</controlfield>
  <controlfield tag="008">210716s2016    xx            000 0 und d</controlfield>
  <datafield tag="020" ind1=" " ind2=" ">
    <subfield code="a">9789332543669</subfield>
  </datafield>
  <datafield tag="040" ind1=" " ind2=" ">
    <subfield code="c">AIMIT LIBRARY</subfield>
  </datafield>
  <datafield tag="041" ind1=" " ind2=" ">
    <subfield code="a">eng</subfield>
  </datafield>
  <datafield tag="082" ind1=" " ind2=" ">
    <subfield code="a">158.39 </subfield>
    <subfield code="2">1</subfield>
    <subfield code="b">KALS</subfield>
  </datafield>
  <datafield tag="100" ind1=" " ind2=" ">
    <subfield code="a">Kalia, Shalini</subfield>
    <subfield code="9">74777</subfield>
  </datafield>
  <datafield tag="245" ind1=" " ind2=" ">
    <subfield code="a">Campus placements: </subfield>
    <subfield code="b">ensure you dont remain unplaced /</subfield>
    <subfield code="c">By Shalini Kalia and Vishal Goyal</subfield>
  </datafield>
  <datafield tag="250" ind1=" " ind2=" ">
    <subfield code="a">1st ed.</subfield>
  </datafield>
  <datafield tag="260" ind1=" " ind2=" ">
    <subfield code="a">New Delhi :</subfield>
    <subfield code="b">Pearson Education,</subfield>
    <subfield code="c">2016.</subfield>
  </datafield>
  <datafield tag="300" ind1=" " ind2=" ">
    <subfield code="a">x,190p. ;</subfield>
    <subfield code="b">PB :</subfield>
    <subfield code="c">19.7 cm</subfield>
  </datafield>
  <datafield tag="650" ind1=" " ind2=" ">
    <subfield code="a">Expectation Management</subfield>
    <subfield code="9">74778</subfield>
  </datafield>
  <datafield tag="650" ind1=" " ind2=" ">
    <subfield code="a">Personality Development</subfield>
    <subfield code="9">74779</subfield>
  </datafield>
  <datafield tag="650" ind1=" " ind2=" ">
    <subfield code="a">Group Discussion</subfield>
    <subfield code="9">74780</subfield>
  </datafield>
  <datafield tag="700" ind1=" " ind2=" ">
    <subfield code="a">Goyal, Vishal</subfield>
    <subfield code="9">74781</subfield>
  </datafield>
  <datafield tag="942" ind1=" " ind2=" ">
    <subfield code="2">ddc</subfield>
    <subfield code="c">BK</subfield>
    <subfield code="e">1st</subfield>
    <subfield code="k">158.39 KALS</subfield>
  </datafield>
  <datafield tag="999" ind1=" " ind2=" ">
    <subfield code="c">196308</subfield>
    <subfield code="d">196308</subfield>
  </datafield>
  <datafield tag="952" ind1=" " ind2=" ">
    <subfield code="0">0</subfield>
    <subfield code="1">0</subfield>
    <subfield code="2">ddc</subfield>
    <subfield code="4">0</subfield>
    <subfield code="7">0</subfield>
    <subfield code="8">MCA</subfield>
    <subfield code="a">AIMIT</subfield>
    <subfield code="b">AIMIT</subfield>
    <subfield code="e">Book Paradise</subfield>
    <subfield code="g">249.00</subfield>
    <subfield code="i">Bill no:87931; Bill dt:2018-03-2</subfield>
    <subfield code="l">0</subfield>
    <subfield code="o">158.39 KALS</subfield>
    <subfield code="p">MCA15823</subfield>
    <subfield code="r">2026-05-23 00:00:00</subfield>
    <subfield code="v">174.30</subfield>
    <subfield code="w">2021-07-16</subfield>
    <subfield code="y">BK</subfield>
  </datafield>
  <datafield tag="952" ind1=" " ind2=" ">
    <subfield code="0">0</subfield>
    <subfield code="1">0</subfield>
    <subfield code="2">ddc</subfield>
    <subfield code="4">0</subfield>
    <subfield code="7">3</subfield>
    <subfield code="8">MCA</subfield>
    <subfield code="a">AIMIT</subfield>
    <subfield code="b">AIMIT</subfield>
    <subfield code="e">Book Paradise</subfield>
    <subfield code="g">249.00</subfield>
    <subfield code="i">Bill no:87931; Bill dt:2018-03-2</subfield>
    <subfield code="l">0</subfield>
    <subfield code="o">158.39 KALS</subfield>
    <subfield code="p">MCA15824</subfield>
    <subfield code="r">2025-07-21 00:00:00</subfield>
    <subfield code="v">174.30</subfield>
    <subfield code="w">2021-07-16</subfield>
    <subfield code="y">BK</subfield>
  </datafield>
  <datafield tag="952" ind1=" " ind2=" ">
    <subfield code="0">0</subfield>
    <subfield code="1">0</subfield>
    <subfield code="2">ddc</subfield>
    <subfield code="4">0</subfield>
    <subfield code="7">0</subfield>
    <subfield code="8">MCA</subfield>
    <subfield code="a">AIMIT</subfield>
    <subfield code="b">AIMIT</subfield>
    <subfield code="e">Book Paradise</subfield>
    <subfield code="g">249.00</subfield>
    <subfield code="i">Bill no:87931; Bill dt:2018-03-2</subfield>
    <subfield code="l">0</subfield>
    <subfield code="o">158.39 KALS</subfield>
    <subfield code="p">MCA15825</subfield>
    <subfield code="r">2026-05-23 00:00:00</subfield>
    <subfield code="v">174.30</subfield>
    <subfield code="w">2021-07-16</subfield>
    <subfield code="y">BK</subfield>
  </datafield>
  <datafield tag="952" ind1=" " ind2=" ">
    <subfield code="0">0</subfield>
    <subfield code="1">0</subfield>
    <subfield code="2">ddc</subfield>
    <subfield code="4">0</subfield>
    <subfield code="7">0</subfield>
    <subfield code="8">MCA</subfield>
    <subfield code="a">AIMIT</subfield>
    <subfield code="b">AIMIT</subfield>
    <subfield code="e">Book Paradise</subfield>
    <subfield code="g">249.00</subfield>
    <subfield code="i">Bill no:87931; Bill dt:2018-03-2</subfield>
    <subfield code="l">0</subfield>
    <subfield code="o">158.39 KALS</subfield>
    <subfield code="p">MCA15826</subfield>
    <subfield code="r">2026-05-23 00:00:00</subfield>
    <subfield code="v">174.30</subfield>
    <subfield code="w">2021-07-16</subfield>
    <subfield code="y">BK</subfield>
  </datafield>
  <datafield tag="952" ind1=" " ind2=" ">
    <subfield code="0">0</subfield>
    <subfield code="1">0</subfield>
    <subfield code="2">ddc</subfield>
    <subfield code="4">0</subfield>
    <subfield code="7">0</subfield>
    <subfield code="8">MCA</subfield>
    <subfield code="a">AIMIT</subfield>
    <subfield code="b">AIMIT</subfield>
    <subfield code="e">Book Paradise</subfield>
    <subfield code="g">249.00</subfield>
    <subfield code="i">Bill no:87931; Bill dt:2018-03-2</subfield>
    <subfield code="l">0</subfield>
    <subfield code="o">158.39 KALS</subfield>
    <subfield code="p">MCA15827</subfield>
    <subfield code="r">2026-05-23 00:00:00</subfield>
    <subfield code="v">174.30</subfield>
    <subfield code="w">2021-07-16</subfield>
    <subfield code="y">BK</subfield>
  </datafield>
</record>
